Intermediate economic analysis. (Record no. 15551)
[ view plain ]
| 000 -LEADER | |
|---|---|
| fixed length control field | 00328cam a22001331 4500 |
| 040 ## - CATALOGING SOURCE | |
| Transcribing agency | MChB |
| 082 ## - DEWEY DECIMAL CLASSIFICATION NUMBER | |
| Classification number | 330 IRW 1947 A077 Or. |
| 100 1# - MAIN ENTRY--AUTHOR NAME | |
| Personal name | Due, John F. |
| 245 10 - TITLE STATEMENT | |
| Title | Intermediate economic analysis. |
| 260 ## - PUBLICATION, DISTRIBUTION, ETC. (IMPRINT) | |
| Place of publication | Chicago, |
| Name of publisher | R. D. Irwin, |
| Year of publication | 1947. |
| 300 ## - PHYSICAL DESCRIPTION | |
| Number of Pages | xii, 445 p. |
| Other physical details | diagrs. |
| Dimensions | 24 cm. |
| 650 #0 - SUBJECT ADDED ENTRY--TOPICAL TERM | |
| Topical Term | Economics. |
| 942 ## - ADDED ENTRY ELEMENTS (KOHA) | |
| Koha item type | សៀវភៅភាសាអង់គ្លេស |
| 952 ## - LOCATION AND ITEM INFORMATION (KOHA) | |
| Withdrawn status [LOCAL, KOHA] | 0 |
| Permanent Location | Date acquired | Koha item type | Lost status | Shelving location | Barcode | Current Location | Full call number |
|---|---|---|---|---|---|---|---|
| Library Block A | 2017-11-29 | សៀវភៅភាសាអង់គ្លេស | A077 | A07690 | Library Block A | 330 IRW 1947 A077 Or. |